| 000 | 00377nam a2200133Ia 4500 | ||
|---|---|---|---|
| 008 | 210210b1989 xxu||||| |||| 00| 0 eng d | ||
| 082 | _a954.029 MENM | ||
| 100 | _aMENON (Sreedhara A). | ||
| 245 | _aModern india since 1707 and history of the freedom movement. | ||
| 260 |
_aMadras _bS Vishwanathan Pvt Ltd _c1989 |
||
| 300 | _a567 | ||
| 690 | _aIndian History | ||
| 906 | _a043428 | ||
| 999 |
_c93354 _d93354 |
||